| 000 | 00559nam a2200205 4500 | ||
|---|---|---|---|
| 001 | 135805 | ||
| 003 | ES-MaACL | ||
| 005 | 20230906194948.0 | ||
| 007 | t| | ||
| 008 | 070214s1958 sp r ||||1| spa d | ||
| 100 | 1 |
_aRuiz Ayúcar, Angel. _9100662 |
|
| 245 | 1 | 1 |
_a¿Para qué? / _cAngel Ruiz Ayúcar. |
| 250 | _a1ª ed. | ||
| 260 |
_aBarcelona : _bLuis de Caralt, _c1958. |
||
| 300 |
_a299 p. ; _c20 cm. |
||
| 490 | 1 | _aLa novela católica | |
| 830 | 0 |
_aLa novela católica _9184397 |
|
| 852 |
_aES-MaACL _jC-14643 _bR.42438 |
||
| 999 |
_c135805 _d135805 |
||